Score 0/60 Timer 09:00
0 Plays Today
Character Killed Killer % Correct
Tywin LannisterTyrion Lannister
84.1%
Viserys TargaryenKhal Drogo
81.7%
ShaeTyrion Lannister
81.4%
Lysa ArrynPetyr Baelish
81%
Oberyn MartellGregor Clegane
80.6%
Eddard StarkIlyn Payne
78.5%
LadyEddard Stark
75.5%
Aerys Targaryen*Jaime Lannister
75%
Rhaegar Targaryen*Robert Baratheon
74.8%
Gregor CleganeOberyn Martell
73.1%
Elia Martell*Gregor Clegane
72.3%
Qhorin HalfhandJon Snow
70.6%
Jon Arryn*Lysa Arryn
69.5%
Robb StarkRoose Bolton
67.1%
Rickard KarstarkRobb Stark
66.2%
Janos SlyntJon Snow
65.6%
Khal DrogoDaenerys Targaryen
60.6%
The TicklerArya Stark
59.6%
Kevan LannisterVarys
54.4%
Grand Maester PycelleVarys
49.9%
Aegon Frey (Jinglebell)Catelyn Stark
49.1%
PolliverSandor Clegane
45.4%
Arys OakheartAreo Hotah
43.9%
Quentyn MartellRhaegal
43%
OrellJon Snow
42.3%
Ser Mandon MoorePodrick Payne
41.4%
Ser Vardis EgenBronn
41.2%
Rodrik CasselRamsay Snow
40.3%
RorgeBrienne of Tarth
38.2%
Dareon Arya Stark
34.7%
Character Killed Killer % Correct
Kraznys mo NaklozDrogon
34.1%
Vargo HoatGregor Clegane
32.7%
Maester LuwinOsha
32.6%
ShagwellBrienne of Tarth
28.6%
BiterGendry
28.3%
ChiswyckJaqen H'ghar
27.2%
Mag the MightyDonal Noye
26.4%
Lommy GreenhandsRaff the Sweetling
22.8%
QothoJorah Mormont
22.2%
'Nimble' Dick CrabbShagwell
21.3%
KhrazzBarristan Selmy
18.7%
Stafford LannisterRickard Karstark
18.5%
Ser Robar RoyceLoras Tyrell
17.9%
Oznak zo PahlStrong Belwas
16.9%
Alfyn CrowkillerQhorin Halfhand
16.7%
TimeonBrienne of Tarth
15.5%
Emmon CuyLoras Tyrell
15.4%
Ser Talbert SerryVictarion Greyjoy
12.4%
Ralf KenningTheon Greyjoy
11.9%
Raymun DarryGregor Clegane
11.4%
Symon Hollard*Barristan Selmy
11%
Prince Lewyn Martell*Lyn Corbray
10.8%
CrasterDirk
10.4%
Rodrik Greyjoy*Jason Mallister
10.2%
Jeor MormontOllo Lophand
9.6%
Catelyn StarkRaymund Frey
9.3%
Balman ByrchBronn
8.4%
Guyard MorrigenGarlan Tyrell
6.4%
TodricTheon Greyjoy
4.7%
MikkenStygg
4.5%
Remove Ads.
Support Sporcle.
Get the best of Sporcle when you Go Orange. This ad-free experience offers more features, more stats, and more fun while also helping to support Sporcle. Thank you for becoming a member.

You're not logged in!

Compare scores with friends on all Sporcle quizzes.
OR
Log In

Show Comments

Extras

Top Quizzes Today


Score Distribution

Your Account Isn't Verified!

In order to create a playlist on Sporcle, you need to verify the email address you used during registration. Go to your Sporcle Settings to finish the process.

Report this User

Report this user for behavior that violates our Community Guidelines.

Details: